Communication as the part of customer relationship building
Metodologické poznámky. Pravdepodobnosť návratu zákazníka a marketingové komunikačné faktory. Nakupovanie cez internet. Elektronický obchod.
Na minha lista:
| Autor principal: | |
|---|---|
| Outros Autores: | |
| Formato: | Capítulo de Livro |
| Idioma: | inglês |
| Assuntos: | |
| Tags: |
Sem tags, seja o primeiro a adicionar uma tag!
|
MARC
| LEADER | 00000nla$a2200000$$$4500 | ||
|---|---|---|---|
| 001 | 0088279 | ||
| 005 | 20240502083229.4 | ||
| 041 | 0 | |a eng | |
| 044 | |a CZ | ||
| 245 | 1 | 0 | |a Communication as the part of customer relationship building |c Helena Labská, Kornélia Richterová |
| 520 | |a Metodologické poznámky. Pravdepodobnosť návratu zákazníka a marketingové komunikačné faktory. Nakupovanie cez internet. Elektronický obchod. | ||
| 610 | 2 | 0 | |a obchod elektronický |
| 610 | 2 | 0 | |a internet |
| 610 | 2 | 0 | |a zákazníci |
| 610 | 2 | 0 | |a komunikácia |
| 100 | 1 | |a Labská, Helena | |
| 700 | 1 | |a Richterová, Kornélia | |